Why is a frog not a toad? / (ระเบียนเลขที่ 92641)
| 000 -LEADER | |
|---|---|
| fixed length control field | 01297pam a2200301 a 4500 |
| 005 - DATE AND TIME OF LATEST TRANSACTION | |
| control field | 20210325215236.0 |
| 008 - FIXED-LENGTH DATA ELEMENTS--GENERAL INFORMATION | |
| fixed length control field | 920421s1992 caua j 000 0 eng d |
| 010 ## - LIBRARY OF CONGRESS CONTROL NUMBER | |
| LC control number | 92012215 |
| 020 ## - INTERNATIONAL STANDARD BOOK NUMBER | |
| International Standard Book Number | 1565650255 |
| 040 ## - CATALOGING SOURCE | |
| Original cataloging agency | DLC |
| Transcribing agency | DLC |
| Modifying agency | DLC |
| 050 00 - LIBRARY OF CONGRESS CALL NUMBER | |
| Classification number | QH 313 |
| Item number | P38 1992 |
| 100 1# - MAIN ENTRY--PERSONAL NAME | |
| Personal name | Pearce, Q. L. |
| Fuller form of name | (Querida Lee) |
| 245 10 - TITLE STATEMENT | |
| Title | Why is a frog not a toad? / |
| Statement of responsibility, etc. | by Q.L. Pearce ; illustrated by Ron Mazellan ; [additional drawings by Dianne O'Quinn Burke]. |
| 260 ## - PUBLICATION, DISTRIBUTION, ETC. | |
| Place of publication, distribution, etc. | Los Angeles : |
| Name of publisher, distributor, etc. | Lowell House Juvenile ; |
| Date of publication, distribution, etc. | 1992. |
| 300 ## - PHYSICAL DESCRIPTION | |
| Extent | [25] p. : |
| Other physical details | col. ill. ; |
| Dimensions | 26 cm. |
| 520 ## - SUMMARY, ETC. | |
| Summary, etc. | Examines the differences in pairs of animals that are often confused because of their similarities in appearance, such as wolves and coyotes or wasps and bees. |
| 650 #0 - SUBJECT ADDED ENTRY--TOPICAL TERM | |
| Topical term or geographic name entry element | Biodiversity |
| Form subdivision | Juvenile literature. |
| 650 #0 - SUBJECT ADDED ENTRY--TOPICAL TERM | |
| Topical term or geographic name entry element | Evolution (Biology) |
| Form subdivision | Juvenile literature. |
| 650 #1 - SUBJECT ADDED ENTRY--TOPICAL TERM | |
| Topical term or geographic name entry element | Biodiversity. |
| 650 #1 - SUBJECT ADDED ENTRY--TOPICAL TERM | |
| Topical term or geographic name entry element | Zoology. |
| 700 1# - ADDED ENTRY--PERSONAL NAME | |
| Personal name | Mazellan, Ron, |
| Relator term | illustrator. |
| 700 1# - ADDED ENTRY--PERSONAL NAME | |
| Personal name | Burke, Dianne O'Quinn, |
| Relator term | illustrator. |
| 850 ## - HOLDING INSTITUTION | |
| Holding institution | NALT |
| 906 ## - LOCAL DATA ELEMENT F, LDF (RLIN) | |
| a | 7 |
| b | cbc |
| c | orignew |
| d | 1 |
| e | ocip |
| f | 19 |
| g | y-gencatlg |
| 942 ## - ADDED ENTRY ELEMENTS (KOHA) | |
| Source of classification or shelving scheme | Library of Congress Classification |
| Koha item type | General Book |
| 998 ## - LOCAL CONTROL INFORMATION (RLIN) | |
| -- | OLD |
| Withdrawn status | Lost status | Source of classification or shelving scheme | Damaged status | Not for loan | Collection code | Home library | Current library | Date acquired | Total Checkouts | Full call number | Barcode | Date last seen | Price effective from | Koha item type |
|---|---|---|---|---|---|---|---|---|---|---|---|---|---|---|
| Library of Congress Classification | General Book collection | National Assembly Library of Thailand | National Assembly Library of Thailand | 24/03/2017 | QH 313 P38 1992 | 3961205676 | 24/03/2017 | 24/03/2017 | General Book |
